Τα έργα
Saved in:
| Main Authors: | , |
|---|---|
| Other Authors: | |
| Format: | Book |
| Language: | Greek |
| Published: |
Εν Αθήναις :
Σύλλογος προς διάδοσιν ωφέλιμων βιβλίων,
[19--;].
|
| Subjects: | |
| Tags: |
Add Tag
No Tags, Be the first to tag this record!
|
MARC
| LEADER | 00000cam a2200000 i 4500 | ||
|---|---|---|---|
| 001 | 1/92697 | ||
| 008 | 080828s19uu####gr || |||| ||gre|| | ||
| 035 | |l 10099725 | ||
| 040 | |a GR-MY-UA |b gre |e aacr | ||
| 041 | 0 | |a gre | |
| 082 | 0 | |a 889.3 |2 (22) | |
| 100 | 1 | |a Ροΐδης, Εμμανουήλ Δ., |d 1836-1904. | |
| 245 | 1 | 0 | |a Τα έργα / |c Εμμανουήλ Ροΐδου ; πρόλογος και σημειώματα Κώστα Καιροφύλα. |
| 260 | |a Εν Αθήναις : |b Σύλλογος προς διάδοσιν ωφέλιμων βιβλίων, |c [19--;]. | ||
| 300 | |a τ. : |b φωτ. ; |c 18 εκ. | ||
| 500 | |a Στο αντίτυπο του c.2 του παραρτήματος της Ρόδου οι τόμοι (πρώτος και τέταρτος) είναι δεμένοι μαζί μετά τη δημοσίευσή τους. Στο 4ο τόμο επισυνάπτεται και το έργο Ειδώλων κατάλυσις του Γεωργίου Χατζηδάκη. | ||
| 500 | |a Περιέχει υποσημειώσεις. | ||
| 504 | |a Περιλαμβάνει βιβλιογραφικές παραπομπές. | ||
| 505 | 8 | |a Τ. 1. Διηγήματα, Αναμνήσεις και εντυπώσεις, Αθηναϊκοί περίπατοι, Ανέκδοτα έργα -- τ. 4. Τα είδωλα | |
| 650 | 0 | 0 | |a Greek literature, Modern |y 19th century. |
| 650 | 0 | |a Greek literature, Modern |y 19th century |x History and criticism. | |
| 700 | 1 | |a Καιροφύλας, Κώστας, |d 1877-1961, |e edt |e aui | |
| 700 | 1 | |a Χατζιδάκης Γεώργιος Ν. |d 1848-1941, |e aut | |
| 740 | 0 | |a Διηγήματα, Αναμνήσεις και εντυπώσεις, Αθηναϊκοί περίπατοι, Ανέκδοτα έργα | |
| 740 | 3 | |a Τα είδωλα | |
| 852 | |a INST |b RHODES |c AKA |e 20080828 |h 889.3 ΡΟΙ |p 005400028075 |q 005400028075 |t BK |v τομ. 1: |y 0 | ||
| 852 | |a INST |b RHODES |c AKA |e 20190409 |h 889.3 ΡΟΙ |p 005400040597 |q 005400040597 |t BK |v τομ. 1: |y 0 | ||
| 852 | |a INST |b RHODES |c AKA |e 20190409 |h 889.3 ΡΟΙ |p 005400040598 |q 005400040598 |t BK |v τομ.4: |y 0 | ||
| 853 | |a INST |b RHODES |c AKA |h 889.3 ΡΟΙ | ||
| 901 | |a BIBL4-2008-2 | ||
| 909 | |a Ρ |b 153277 | ||
| 970 | |a ΜΙΣΣΟΣ |b ΣΤΑΥΡΟΣ |z 2008/08/28 | ||